[Event "Friendship Match 2018"]
[Site "Belokurikha"]
[Date "2018.07.16"]
[Round "11"]
[White "Hou, Yifan"]
[Black "Vitiugov, Nikita"]
[Result "0-1"]
[WhiteElo "2659"]
[BlackElo "2696"]
[Annotator "TA"]
[PlyCount "129"]
[EventDate "2018.07.15"]
[EventCountry "RUS"]
[SourceTitle "playchess.com"]
[Source "ChessBase"]
[SourceQuality "1"]

{[%evp 22,129,16,0,0,0,5,-10,-10,-145,-165,-158,-6,-12,-14,-14,0,0,32,32,21,0,0,0,4,6,16,22,25,23,23,18,20,17,72,0,0,0,30,0,0,0,0,-4,0,0,0,-9,0,0,0,0,0,0,0,0,0,-3,0,-8,0,0,0,0,0,0,0,0,0,0,0,0,0,0,0,0,0,0,0,0,0,0,0,-42,-42,-2,-2,-2,-2,-126,-2,-2,-2,-2,0,0,0,0,0,-8,-8,-8,-8,-1364,-1354,-1325,-1317,-1296,-755,-705]} 1. e4 c5 2. Nf3 e6 3. c3 d5 4. exd5 exd5 5. d4 Nc6 6. Be2 Nf6 7. O-O cxd4 8. Nxd4 {B22: Sicilian: 2 c3} Bd6 9. Be3 O-O 10. Nd2 Re8 (10... h6 11. Re1 Re8 12. Nf1 Ne4 13. Qb3 Na5 14. Qc2 a6 15. Rad1 Qc7 16. Bf3 {½-½ (62) Granda Zuniga,J (2686)-Ponomariov,R (2715) Madrid 2016}) 11. h3 h6 12. N2f3 {LiveBook: 3 Games} a6 13. Qc2 {[#]} Bc7 $146 ({Predecessor:} 13... Ne4 14. Rfe1 {0-1 (36) Rotman,D (2305)-Eingorn,V (2580) Metz 1996}) 14. Rad1 Qd6 15. Nf5 (15. Bd3 $11 {keeps the balance.}) 15... Bxf5 $1 $17 16. Qxf5 Ne5 $2 ({Black should play} 16... Re4 $17 17. h4 Rae8) 17. Nxe5 $11 Rxe5 18. Qf4 Qe7 19. Qf3 Bb6 20. Bxb6 Rxe2 21. b3 (21. Rb1 {is interesting.} Re6 22. Bd4 Ne4 23. Rbd1 Rd8 24. Qd3) 21... Qe4 22. Qxe4 dxe4 23. a4 Rc8 24. c4 Rb2 25. Rb1 Rxb1 26. Rxb1 {[%mdl 4096] Endgame KRB-KRN} Nd7 27. Bd4 f6 (27... Rc6 $11) 28. a5 (28. Re1 $16) 28... Kf7 29. Kf1 Ke6 30. Ke2 Ne5 31. Ke3 f5 32. Bb6 Nd7 33. Bd4 Ne5 34. f3 exf3 35. gxf3 g5 36. f4 Nc6 {[#] aiming for ...gxf4+.} 37. Bc3 Rg8 38. fxg5 hxg5 39. Re1 Kf7 40. Kf3 g4+ 41. hxg4 Rxg4 42. Rd1 Ke6 43. Re1+ Kd7 44. Rh1 Nd4+ 45. Bxd4 $1 Rxd4 {KR-KR} 46. Rh7+ Kc6 47. Rh6+ Kc7 48. Rh7+ Kc6 49. Rh6+ Kc7 50. Rh7+ Rd7 51. Rh5 Rd3+ 52. Kf4 Rxb3 53. Rxf5 Rb4 54. Ke3 Rxc4 55. Kd3 {[#]} (55. Rf7+ $11 Kc6 56. Rf6+ Kc5 57. Rf5+ Kb4 58. Rf7) 55... Rc1 (55... Rb4 $1 $17 56. Rf7+ Kc6) 56. Rf7+ Kc6 57. Rf6+ Kd7 58. Rf7+ Kc8 59. Rf8+ Kc7 {...Rc5 is the strong threat.} 60. Rf7+ Kb8 {White must now prevent ...Rc5.} 61. Rf8+ $1 Ka7 {Strongly threatening ...Rc5.} 62. Kd2 $2 {[%mdl 8192]} (62. Rf5 $11) 62... Rc5 $19 {Black is clearly winning.} 63. Kd3 Rxa5 64. Kc4 Rh5 65. Kd4 {Precision: White = 44%, Black = 49%.} 0-1

[Event "Friendship Match 2018"]
[Site "Belokurikha"]
[Date "2018.07.16"]
[Round "12"]
[White "Vitiugov, Nikita"]
[Black "Hou, Yifan"]
[Result "1/2-1/2"]
[WhiteElo "2696"]
[BlackElo "2659"]
[Annotator "TA"]
[PlyCount "122"]
[EventDate "2018.07.15"]
[EventCountry "RUS"]
[SourceTitle "playchess.com"]
[Source "ChessBase"]
[SourceQuality "1"]

{[%evp 21,122,34,38,31,30,1,31,0,18,-14,0,0,12,0,-12,-38,0,0,0,0,0,0,0,-113,-100,-127,-139,-124,-126,-252,-275,-276,-260,-253,-264,-199,-163,-355,-340,-565,-564,-564,-548,-556,-497,-475,-449,-29988,-1002,-702,-135,-113,-128,-126,-64,-55,-60,-66,0,-63,0,-68,-62,-115,-109,-127,-49,-49,-56,-93,-50,-87,-86,-69,-8,-8,0,-8,0,0,0,0,0,0,0,0,0,0,0,0,0,0,0,0,0,0,0,0,0,0,0,0,0]} 1. d4 Nf6 2. Bg5 c5 3. Bxf6 gxf6 4. d5 Qb6 5. Qc1 f5 6. c4 Bg7 7. Nc3 {A45: Trompowsky Attack} d6 8. e3 Nd7 9. Qc2 (9. Nge2 Nf6 10. Nf4 e5 11. Nd3 Bd7 12. Be2 h5 13. Qc2 h4 14. Rb1 Qc7 {½-½ (54) Vitiugov,N (2726)-Svane,R (2555) Doha 2016}) 9... Ne5 10. Nh3 Bd7 11. Be2 Ng6 {LiveBook: 3 Games} 12. O-O O-O 13. Kh1 $146 ({Predecessor:} 13. Rad1 a6 14. Bd3 Rad8 {0-1 (36) Iotov,V (2569)-Evdokimov,A (2551) Marrakesh 2010}) 13... Qd8 14. Rad1 a6 15. a3 Rb8 16. Bd3 e6 17. dxe6 fxe6 18. e4 f4 19. e5 $1 Nxe5 20. Bxh7+ Kh8 21. Be4 Qe7 22. Qe2 {[#]} (22. Qd2 $11 {remains equal.}) 22... f3 $1 $17 {[%mdl 512]} 23. gxf3 {f4 is the strong threat.} (23. Bxf3 Nxf3) 23... Qh4 24. f4 Qxh3 25. Bg2 (25. fxe5 $17 Bxe5 26. f4 $1 {[%mdl 512]} Rxf4 27. Rxf4 Bxf4 28. Qf2) 25... Qh6 $19 ({But not} 25... Bc6 26. f3 $17) 26. fxe5 Bxe5 {[%csl Ge5][%cal Rh6h2]} 27. f4 Rxf4 ({Stronger than} 27... Bxf4 28. Rxf4 $1 {[%mdl 512]} Rxf4 29. Rxd6 $15) 28. Rxf4 Bxf4 {[%csl Gf4][%cal Rh6h2]} 29. h3 $2 (29. Bf3 {was forced.}) 29... Rg8 30. Rf1 $2 (30. Rd3 {was worth a try.}) 30... Bc6 31. Ne4 Be5 32. b4 cxb4 33. axb4 Qh4 {White must now prevent ...Rxg2!} 34. Re1 (34. Qe1 $19 Qh7 35. Qe2) 34... Rxg2 (34... Bxe4 $142 35. Qxe4 Qg3 36. Kg1 Rf8 37. Qxe5+ dxe5 38. Rf1 Rg8 39. Rf2 Qe3 40. c5 Rf8 41. h4 Qxf2+ 42. Kh1 Rg8 43. Bxb7 Qxh4#) 35. Kxg2 Qg3+ $2 (35... Bc3 $19 {is more deadly.} 36. b5 axb5 37. cxb5 Bd5) 36. Kf1 $17 Qxh3+ 37. Qg2 Qf5+ ({Black should try} 37... Qxg2+ $17 38. Kxg2 Bc3) 38. Kg1 $15 Bd4+ 39. Kh2 $1 Be5+ (39... Bc3 $2 40. Re2 $19) 40. Kg1 Bd4+ 41. Kh2 $1 Qe5+ (41... Bc3 $2 42. Re2 $17) 42. Kh3 (42. Kh1 $15) 42... Qh5+ $17 43. Kg3 Be5+ (43... Qg6+ $1 $17 44. Kh2 Be5+ 45. Kg1 Qh6) 44. Kf2 $15 Qh4+ 45. Kf1 {[#]} Qf4+ $1 46. Kg1 $1 {[#]} Bd4+ $1 47. Kh1 Qh4+ (47... Bf2 $15 48. Re2 Qh6+ 49. Qh2 Bh4) 48. Qh2 $132 {[%mdl 2048] The position is equal. White is fighting back} Qxh2+ 49. Kxh2 {[%mdl 4096] Endgame KRN-KB} Be5+ 50. Kh3 Kg7 51. Kg4 Kf7 52. c5 dxc5 53. Ng5+ Kf6 54. Nh7+ Kg7 {Hoping for ...Bc3.} 55. Rxe5 {Threatens to win with b5.} Kxh7 56. Rxc5 {KR-KB} Kg6 57. Kf4 Kf6 58. Rh5 Bd5 59. Rh6+ Ke7 60. Ke5 Kd7 61. Kd4 Kc6 {Precision: White = 43%, Black = 60%.} 1/2-1/2

[Event "Friendship Match 2018"]
[Site "Belokurikha"]
[Date "2018.07.16"]
[Round "13"]
[White "Hou, Yifan"]
[Black "Vitiugov, Nikita"]
[Result "0-1"]
[WhiteElo "2659"]
[BlackElo "2696"]
[Annotator "TA"]
[PlyCount "112"]
[EventDate "2018.07.15"]
[EventCountry "RUS"]
[SourceTitle "playchess.com"]
[Source "ChessBase"]
[SourceQuality "1"]

{[%evp 17,111,32,19,-22,-28,-28,-29,-35,-33,-38,-29,-37,0,-21,0,0,0,-18,-15,-22,0,-7,6,-14,32,25,40,0,53,47,63,60,57,41,232,190,186,192,407,68,212,221,210,208,200,193,174,22,27,17,17,18,18,0,0,0,0,-42,-8,-33,-24,-80,-64,-69,-59,-110,-25,-32,0,0,17,13,21,8,29,0,0,0,0,-8,0,-258,-258,-199,-136,-179,-178,-195,-189,-29996,-29993,-29993,-29994,-29997,-29998,-29999]} 1. e4 c5 2. Nf3 e6 3. d4 cxd4 4. Nxd4 a6 5. c4 Nf6 6. Nc3 Bb4 7. Qd3 Qc7 8. Be2 d6 {B41: Sicilian: Kan Variation: 5 c4} 9. O-O O-O {LiveBook: 11 Games} 10. a3 $146 ({Predecessor:} 10. Bd2 Nc6 11. Nb3 b6 12. Rac1 Bc5 13. Bg5 Bb7 14. Qg3 Kh8 15. Rfd1 Ne5 16. Nxc5 bxc5 {0-1 (34) Naiditsch,A (2705)-Artemiev,V (2691) Riadh 2017}) 10... Bxc3 $1 {The position is equal.} 11. bxc3 Nbd7 12. Qc2 Nc5 13. f3 e5 14. Nf5 Be6 15. Rd1 Bxf5 16. exf5 Rfd8 17. Be3 Rac8 18. Rd2 Qc6 19. Rad1 b6 20. Bg5 Nb7 21. Bxf6 gxf6 22. f4 Na5 (22... Re8 $11) 23. fxe5 $1 $14 Qc5+ 24. Kh1 {And now Rd5 would win.} Qxe5 (24... fxe5 $2 25. Qe4 $18) 25. Rd5 $36 {[%mdl 2048] White has some pressure.} Qe3 $2 (25... Qe7 $14) 26. R5d3 ({Worse is} 26. Rxd6 Rxd6 27. Rxd6 Nxc4 $15) 26... Qe5 27. Qd2 $1 {[%cal Rd2h6]} Kh8 $2 {[#]} (27... Rxc4 {was worth a try.} 28. Rg3+ Kh8) 28. Re3 $2 (28. Qh6 $1 $18 Rg8 29. Re3 (29. Rxd6 Rxg2 30. Bf3 Rg7 $14)) 28... Qc5 (28... Nb3 $1 $14 29. Rxe5 Nxd2) 29. Rh3 $18 {White wants to mate with Qh6.} Rg8 {[#]} 30. Qh6 $1 {[%csl Gh3][%cal Rh6h7]} ({Inferior is} 30. Qxd6 Qxd6 31. Rxd6 Rge8 $15) 30... Rg7 31. Qxf6 Re8 32. Rg3 $2 (32. Bd3 $18) 32... Qe5 $11 33. Qxe5 Rxe5 34. Rxg7 Kxg7 {[%mdl 4096] Endgame KRB-KRN} 35. Bd3 Rc5 36. Rb1 Nxc4 37. a4 a5 38. Kg1 Ne5 39. Be4 (39. Be2 $11) 39... Rxc3 40. Rxb6 Rc4 41. Bd5 (41. Bb7 $15) 41... Rd4 (41... Rxa4 $17 42. Rxd6 Rd4) 42. Bb3 Kf6 43. Rb5 Kxf5 44. Rxa5 Kf4 45. Rd5 Rb4 46. Bd1 Rb1 {aiming for ...Ke4.} 47. Kf2 $1 Rb2+ 48. Kg1 Rb1 {Threatens to win with ...Ke4.} 49. g3+ $2 {[%mdl 8192]} (49. Kf2 $1 $11 {and White is okay.}) 49... Ke4 $19 50. Rxd6 Nc4 (50... Nd3 $19 51. Rf6 Rxd1+ 52. Kg2 Rd2+ 53. Kh3 Ne5) 51. Rd8 Ne3 52. a5 Nxd1 53. a6 $2 (53. Re8+ $19 Kd3 54. Re1) 53... Ne3+ {Black mates.} 54. Kf2 Rb2+ 55. Ke1 Kf3 {[%csl Gf3][%cal Rb2e2]} 56. Rd1 Re2# {Precision: White = 32%, Black = 44%.} 0-1

[Event "Friendship Match 2018"]
[Site "Belokurikha"]
[Date "2018.07.16"]
[Round "14"]
[White "Vitiugov, Nikita"]
[Black "Hou, Yifan"]
[Result "1-0"]
[WhiteElo "2696"]
[BlackElo "2659"]
[Annotator "TA"]
[PlyCount "81"]
[EventDate "2018.07.15"]
[EventCountry "RUS"]
[SourceTitle "playchess.com"]
[Source "ChessBase"]
[SourceQuality "1"]

{[%evp 18,81,33,33,35,35,35,42,40,40,37,36,38,37,50,48,46,17,155,150,174,174,176,171,173,163,200,209,368,359,400,399,495,504,486,491,666,423,416,385,647,407,406,338,343,286,318,332,332,311,501,404,404,318,411,378,402,391,383,332,456,434,428,406,1552,1345]} 1. d4 Nf6 2. Bg5 c5 3. Bxf6 gxf6 4. d5 Qb6 5. Qc1 f5 6. c4 Bg7 7. Nc3 {A45: Trompowsky Attack} d6 8. e3 Nd7 9. Qc2 (9. Nge2 Nf6 10. Nf4 e5 11. Nd3 Bd7 12. Be2 h5 13. Qc2 h4 14. Rb1 Qc7 {½-½ (54) Vitiugov,N (2726)-Svane,R (2555) Doha 2016}) 9... Ne5 10. Nh3 {LiveBook: 7 Games} Ng6 11. Bd3 O-O $146 ({Predecessor:} 11... e5 12. dxe6 fxe6 13. f4 Bd7 14. O-O O-O-O {1-0 (38) Youssoupov,M (2150)-Daspres,L (2179) Nimes 2014}) 12. O-O Bd7 13. Rab1 e6 14. Ne2 Qd8 15. Ng3 Qh4 16. f4 Rae8 17. Kh1 exd5 (17... Ne7 $11 {remains equal.}) 18. Bxf5 $16 Bc6 19. cxd5 Bxd5 20. Rbd1 Bc6 {[#]} 21. Be4 $1 Rxe4 22. Nxe4 f5 $2 (22... d5) 23. Neg5 $18 h6 24. Rxd6 hxg5 25. Rxg6 g4 26. Ng5 Kh8 27. Rxc6 bxc6 28. Qxc5 Qh6 $2 (28... Qh5 29. Kg1 a6 30. Qxc6 Qe8) 29. b3 Qf6 30. Qc2 Re8 31. Qf2 Kg8 32. Qe2 Kh8 33. g3 Qf8 $2 (33... Bh6 {was worth a try.} 34. Qd3 Bxg5) 34. Qd3 Qf6 35. Rf2 c5 36. Kg2 Qc6+ 37. Kg1 Qf6 38. Re2 Qa1+ 39. Kg2 Qf6 40. Qd5 Rd8 {[#]} (40... Re7 $142 41. e4 fxe4 42. Qxc5 Re8) 41. Qxd8+ $1 {[%mdl 512] Precision: White = 66%, Black = 28%.} 1-0